Diseases of the Thyroid Gland / (Record no. 5903)
[ view plain ]
| 000 -LEADER | |
|---|---|
| fixed length control field | 00628nam a2200241 a 4500 |
| 001 - CONTROL NUMBER | |
| JCCL Control Number | 5903 |
| 003 - CONTROL NUMBER IDENTIFIER | |
| JCCL marc code | BD-JhCC |
| 005 - DATE AND TIME OF LATEST TRANSACTION | |
| control field | 20171231115337.0 |
| 008 - FIXED-LENGTH DATA ELEMENTS--GENERAL INFORMATION | |
| fixed length control field | 171230s1962 R a|||| ||a| 000 0 eng d |
| 035 ## - SYSTEM CONTROL NUMBER | |
| system control number | (BD-JhCC) 5903 |
| 040 ## - CATALOGING SOURCE | |
| Original cataloging agency | BD-JhCC |
| Modifying agency | BD-JhCC |
| 041 ## - LANGUAGE CODE | |
| Language code of Book | eng |
| 082 ## - DEWEY DECIMAL CLASSIFICATION NUMBER | |
| Classification number | 612.44 |
| Author mark and Year | KHA 1962 |
| 100 ## - MAIN ENTRY--PERSONAL NAME | |
| Personal name | Khavin, I. |
| 245 ## - TITLE STATEMENT | |
| Title | Diseases of the Thyroid Gland / |
| Statement of responsibility, etc | I. Khavin; O. Nikolayev |
| 260 ## - PUBLICATION, DISTRIBUTION, ETC. (IMPRINT) | |
| Place of publication, distribution, etc | RUSSIAN : |
| Name of publisher, distributor, etc | PEACE PUBLISHERS MOSCOW , |
| 300 ## - PHYSICAL DESCRIPTION | |
| Pagination | 219 P .: |
| Dimensions | 22 CM . |
| 650 ## - SUBJECT ADDED ENTRY--TOPICAL TERM | |
| Topical term or geographic name as entry element | Human physiology |
| 650 ## - SUBJECT ADDED ENTRY--TOPICAL TERM | |
| Topical term or geographic name as entry element | Thyroid gland |
| Form subdivision | Diseases |
| 700 ## - ADDED ENTRY--PERSONAL NAME | |
| Personal name | Nikolayev, O. |
| 942 ## - ADDED ENTRY ELEMENTS (KOHA) | |
| Source of classification or shelving scheme | Dewey Decimal Classification |
| Koha item type | Books |
| Source of classification or shelving scheme | Damaged status | Not for loan | Home library | Current library | Shelving location | Date of accession | Total Checkouts | Full call number | Barcode | Date last seen | Copy number | Koha item type |
|---|---|---|---|---|---|---|---|---|---|---|---|---|
| Dewey Decimal Classification | JCC Rouf Library | JCC Rouf Library | General Stacks | 12/30/2017 | 612.44 KHA 1962 | 8121 | 12/30/2017 | C - 1 | Books |